000 00798nam a2200217 i 4500
001 189678
003 ES-MaACL
005 20230906223528.0
008 190904s1944 sp |||| | spa d
245 0 3 _aEl Legado de la Edad Media /
_ceditado bajo la dirección de C.G. Crump y E.F. Jacob ; traducido... con notas... por J.M.F.
260 _aMadrid :
_bPegaso,
_c1944.
300 _aXII, 744 pág., lám. y facsimil 1-40 ;
_c20 cm.
490 1 _aLos legados de la Universidad de Oxford ;
_v4
594 _aPrecede al tít.: Universidad de Oxford.
650 4 _aCivilización medieval.
_9146249
700 1 _aCrump, C. G.
_9168115
700 1 _aJacob, E. F.
_9168116
830 0 _aLos legados de la Universidad de Oxford ;
_v4
_9193372
852 _aES-MaACL
_jP-761-4
999 _c189678
_d189678